| 000 | 01244 a2200313 4500 | ||
|---|---|---|---|
| 999 |
_c200419233 _d38007 |
||
| 001 | 200419233 | ||
| 003 | TR-AnTOB | ||
| 005 | 20211012151929.0 | ||
| 008 | 140328s tu 000 0 | ||
| 020 | _a9789751958600 | ||
| 040 |
_aTR-AnTOB _btur _erda _cTR-AnTOB |
||
| 041 | 0 | _atur | |
| 050 | 0 | 0 |
_aDT108 _b.O86 2013 |
| 090 | _aDT108 .O86 2013 | ||
| 245 | 1 | 0 |
_aOsmanlı idaresinde Sudan / _cproje yönetici Doç Dr. Uğur Ünal, proje sorumlulrı Doç Dr. Mustafa Budak, Sabahattin Bayram. |
| 264 |
_aİstanbul: _bBaşbakanlık Devlet Arşivleri Genel Müdürlüğü Osmanlı Arşivi Daire Başkanlığı, _c2013 |
||
| 300 |
_a303 p. : _bill. ; _c31 cm. |
||
| 336 |
_atext _2rdacontent _btxt |
||
| 337 |
_aunmediated _2rdamedia _bn |
||
| 338 |
_avolume _2rdacarrier _bnc |
||
| 490 | 0 |
_aBaşbakanlık Devlet Arşivleri Genel Müdürlüğü Osmanlı Arşivi Daire Başkanlığı Yayın ; _v123 |
|
| 500 | _aDizin var. | ||
| 651 |
_aSudan _xDış ilişkiler _zTürkiye _vKaynaklar _997353 |
||
| 651 | 0 | 0 |
_aTürkiye _xDış ilişkiler _zSudan _vKaynaklar _997352 |
| 651 | 0 | 0 |
_aSudan _xTarih _y19. yüzyıl _vKaynaklar _997351 |
| 651 | 0 | 0 |
_aTürkiye _xİdari ve siyasal bölümler _xTarih _vKaynaklar _997350 |
| 942 |
_cBK _2lcc |
||